Self-study problems/solutions book 1, chapters 1-137, to accompany Accounting principles /

Bibliografiset tiedot
Muut tekijät: Hunt, Marilyn F., Weygandt, Jerry J., Kieso, Donald E., Kell, Walter Gerry, 1921-
Aineistotyyppi: Kirja
Kieli:English
Julkaistu: New York ; Chichester : John Wiley, c1996.
Painos:Fourth edition.
Aiheet:
Classic Catalogue: View this record in Classic Catalogue
LEADER 01177nam a2200277 a 4500
001 0014089
003 BD-DhAAL
008 090602s1996 nyu 000 0 eng d
020 |a 0471111368 
040 |a BD-DhAAL  |c BD-DhAAL 
082 0 0 |a 657  |2 21 
245 1 0 |a Self-study problems/solutions book 1, chapters 1-137, to accompany Accounting principles /  |c Marilyn F. Hunt ... [et al.]. 
250 |a Fourth edition. 
260 |a New York ;   |a Chichester :   |b John Wiley,   |c c1996. 
300 |a 1 v. (various pagings) ;   |c 28 cm 
541 1 |e 0014089 
650 0 |a Accounting. 
650 0 |a Accounting   |v Problems, exercises, etc.  |9 58572 
700 1 |a Hunt, Marilyn F.  |9 58573 
700 1 |a Weygandt, Jerry J.  |t Accounting principles.  |9 58574 
700 1 |a Kieso, Donald E.  |t Accounting principles.  |9 58575 
700 1 |a Kell, Walter Gerry,  |d 1921-  |t Accounting principles.  |9 58576 
852 4 |a Ayesha Abed Library   |c General Stacks 
942 0 0 |0 1  |2 ddc  |c BK 
999 |c 1405  |d 1405 
952 |0 0  |1 0  |2 ddc  |4 0  |6 657_000000000000000_SEL  |7 0  |9 1284  |a BRACUL  |b BRACUL  |c GEN  |d 2009-06-25  |g 0.00  |l 30  |m 132  |o 657 SEL  |p 3010014089  |r 2025-07-08  |s 2025-07-08  |t 1  |w 2009-06-25  |y BK  |x No price found in the accession register.